000 00300nam a22001337a 4500
008 181009b xxu||||| |||| 00| 0 eng d
020 _a9780199275373
041 _aeng
080 _23rd
_a573
100 _a11
101 _aBIO
245 _aPrinciples of Development
_cWolpert,L
942 _2udc
_cBK
999 _c49098
_d49098